000
00427nam a2200157Ia 4500
008
100122s9999 xx 000 0 und d
082
_b
77532
_a
824
100
_a
तेंडुलकर प्रिया
245
_a
पंचतारांकित
250
_a
4
260
_c
2006
300
_a
134
630
_a
पंचतारांकित
730
_a
पंचतारांकित
942
_c
BOOK
999
_c
394680
_d
394677